| 000 | 00423nam a2200169Ia 4500 | ||
|---|---|---|---|
| 008 | 221030s9999 xx 000 0 und d | ||
| 020 | _a8121917786 | ||
| 041 | _aEnglish | ||
| 082 | _a105.23 | ||
| 100 | _aS. P. E. Xavier | ||
| 245 | 0 |
_aPrinciples of Control Systems _cby S. P. E. Xavier, J. C. Babu |
|
| 260 |
_bS. Chand & Co. _aNew Delhi _c2008 |
||
| 300 | _a512 | ||
| 650 | _aEE | ||
| 700 | _aJ. C. Babu | ||
| 942 | _cBK | ||
| 999 |
_c8851 _d8851 |
||